00883nam a22002297a 4500003000500000005001700005008004100022010001000063011001000073020001500083035001100098040000900109100003600118245021200154260005900366300001900425650002300444650003500467650002600502650002900528730009600557CHAP20220817044112.0060517d2002 mx r 00110 spa d a92187 a93159 a9688393649 a103731 cCHAP00aHernández Juárez, Martín.10aEvaluación de impacto socioeconómico del proyecto :balternativas de desarrollo social en comunidades marginadas del municipio de Mapimí, Durango. Méxicoc/por Martín Hernández Juárez [y otros] aMontecillo, Méx. :bColegio de Postgraduados,c2002. a43 p. :bilus.14aDesarrollo social.14aDurangoxCondiciones sociales.14aNutriciónxDurango.14aProyectosxEvaluación.0 aProyectos de la iniciativa de nutrición humana apoyados por la fundación W. K. Kellogg.